Statistics for Non-European Countries Participating in Eurovision

Click here to take the quiz!

General Stats

  • This quiz has been taken 65 times
  • The average score is 7 of 8

Answer Stats

Debut Country % Correct
1973Israel
95%
2015Australia
95%
2008Azerbaijan
93%
1975Turkey
90%
2007Georgia
85%
1981Cyprus
85%
2006Armenia
85%
1980Morocco
81%

Score Distribution

Percentile by Number Answered

Percent of People with Each Score

Your Score History

You have not taken this quiz